Netradičné námety na výtvarnú výchovu

Úloha je určená pre 2. ročník ZŠ. Jej cieľom je pochopiť význam odtlačkov vo výtvarnej práci, výcvik správneho odtláčania prstom i odtláčania ovocia a zeleniny. Autorka uvádza pracovný postup úlohy.

Bibliographic Details
Main Author: Sivulková, Zuzana (Author)
Format: Article
Language:Slovak

MARC

LEADER 00000nab a2200000 a 4500
001 vtls001510350
003 SK-MaSNL
005 20260303075910.0
008 140302s2001 xo 000 0 slo
035 |a SPKCL12677 
040 |a SPKCL  |b slo  |c SNKBUCL  |d SPK(EK)  |e AACR2 
041 |a slo 
044 |a xo  |c SK 
080 |a 372.874:373.3  |2 1981 
100 1 |a Sivulková, Zuzana  |4 aut  |9 94360 
245 1 0 |a Netradičné námety na výtvarnú výchovu  |c Zuzana Sivulková 
520 |a Úloha je určená pre 2. ročník ZŠ. Jej cieľom je pochopiť význam odtlačkov vo výtvarnej práci, výcvik správneho odtláčania prstom i odtláčania ovocia a zeleniny. Autorka uvádza pracovný postup úlohy. 
773 1 |t Učiteľské noviny  |g Roč. 51, č. 30 (2001) s. 9 
850 |a Slovenská pedagogická knižnica Bratislava 
852 |a SPKCL  |b KIS3GCP  |b 000710000  |n SK 
999 |c 1777938  |d 1779868